00734naa#a2200169#i#4500001001600000005001700016011001400033100004100047102000700088200019500095210005600290215001000346608004500356675009900401700005200500856001200552RU\\bibl\11952920260419022222.7##a2782-4586##a20260331b2026####ek#y0rusy0150####ca##aRU1#aУстойчивое развитие экономики регионов и факторы, оказывающие сдерживающее влияниеeЖурнальная статья1#aМоскваcУниверситет ИТБОd2026##a6 с.##aЖурнальная статья2local##aТеории. Учения. Основные вопросы. Общие вопросы. 332.01#1aНаумоваgОльга Николаевна4#azhpi.ru